Guess the Sitcom Based on the Main Characters - Statistics

General Stats
  • This quiz has been taken 85 times
  • The average score is 13 of 38
Answer Stats
Plot Year Premiered Sitcom % Correct
1994 Rachel, Ross, Chandler, Monica Friends
99%
2007 Sheldon, Leonard, Penny, Howard The Big Bang Theory
87%
2005 Ted, Barney, Robin, Marshall, Lily How I Met Your Mother
79%
2005 Michael, Jim, Pam, Dwight, Erin The Office
79%
2009 Claire, Phil, Haley, Gloria, Jay Modern Family
76%
1989 Jerry, Elaine, Kramer, George Seinfeld
68%
1998 Will, Grace, Jack, Karen, Rosario Will and Grace
59%
2013 Jake, Amy, Terry, Gina, Rosa Brooklyn 99
52%
1987 Danny, Jesse, Joey, DJ, Stephanie Full House
52%
2011 Jess, Nick, Schmidt, Winston, Coach New Girl
52%
1998 Carrie, Samantha, Charlotte, Miranda Sex and the City
52%
2009 Leslie, Ann, April, Ron, Ben, Andy Parks and Rec
51%
1998 Kelso, Steven, Donna, Jackie, Eric That 70's Show
44%
2009 Jeff, Abed, Troy, Annie, Britta, Dean Community
43%
2005 Charlie, Mac, Dennis, Dee, Frank It's Always Sunny in Philadelphia
41%
2009 Sue, Axl, Brick, Frankie, Mike, Brad The Middle
40%
2003 Michael, George, Maeby, Tobias Arrested Development
36%
2016 Eleanor, Tahani, Michael, Chidi, Janet The Good Place
32%
2001 JD, Christopher, Elliot, Carla, Perry Scrubs
28%
2011 Caroline, Max, Oleg, Han, Earl 2 Broke Girls
23%
2000 Larry, Jeff, Cheryl, Susie, Richard Curb Your Enthusiasm
23%
2006 Liz, Tracy, Kenneth, Jenna, Jack 30 Rock
21%
2014 Rainbow, Diane, Dre, Zoey, Andre Black-Ish
20%
2020 Devi, Paxton, Ben, Kamala, Aneesa Never Have I Ever
20%
2014 Jane, Xiomara, Michael, Rafael, Petra Jane the Virgin
19%
2020 Ted, Rebecca, Roy, Keeley, Jamie Ted Lasso
17%
2013 Adam, Murray, Barry, Beverly, Erica The Goldbergs
16%
2018 Orla, Erin, Clare, Michelle, James Derry Girls
15%
2017 Penelope, Schneider, Elena, Lydia One Day at a Time
13%
2021 Janine, Gregory, Melissa, Ava Abbott Elementary
11%
2013 Christy, Bonnie, Jill, Adam, Jodi Mom
11%
2021 Leighton, Bela, Whitney, Kimberly The Sex Lives of College Girls
9%
2017 Mickey, Ben, Chip, Alba, Sabrina The Mick
8%
2016 Issa, Molly, Lawrence, Tiffany Insecure
5%
2008 Ricky, Amy, Benjamin, Grace, Adrian The Secret Life of the American Teenager
5%
2009 Henry, Ron, Casey, Kyle, Roman Party Down
3%
2022 Sam, Felicia, Brit, Carol, Olivia, Single Drunk Female
3%
2012 Chloe, June, James, Luther, Robin Don't Trust the B in Apartment 23
1%
No matching quizzes found
Score Distribution
Percent of People with Each Score
Percentile by Number Answered
Your Score History
You have not taken this quiz